| 000 | 01697nkm a22002657a 4500 | ||
|---|---|---|---|
| 001 | 85809 | ||
| 005 | 20260417124335.0 | ||
| 007 | kh boc | ||
| 008 | 260416s1891 sp ||||| |||| |0| i|spa d | ||
| 040 |
_aM-RABA _bspa _cM-RABA |
||
| 100 | 1 |
_aJacquemin, Teodoro _9111672 |
|
| 245 | 1 | 1 |
_a[Aparato de navegación aérea de Emilio Abes] _c/ Jacquemin, Teodoro _h[Material gráfico] |
| 260 |
_bTeodoro Jacquemin _c, 1891 |
||
| 300 |
_a1 fotografía _b: albúmina _c; imagen 14 x 16 cm _c; soporte secundario 25 x 17 cm |
||
| 500 | 0 | 0 | _aFotografía de un esquema dibujado por Emilio Abes que representa uno de sus inventos: "aparato de navegación aérea". |
| 500 | 0 | 0 | _aAl verso, en el soporte secundario, impresión del sello en tinta azul del fotógrafo "Fotografía eléctrica de Teodoro Jacquemin". |
| 500 | 0 | 0 | _aRemitida la fotografía por su autor el 23 de marzo de 1891. Información tomada del Libro de Actas de 1891. "De una carta de D. Emilio Abes (de Denia) remitiendo una fotografía del aparato de navegación aérea que ha inventado. La Academia acordó acusar recibo" |
| 500 | 0 | 0 | _aNota manuscrita a lápiz al verso con la fecha remitida por su autor: "23 de marzo de 1891". |
| 544 | _aActas Academia, 23 de marzo de 1891 (Disponible en línea: https://www.cervantesvirtual.com/portales/bellas_artes_san_fernando/obra-visor/actas-del-ano-1891--0/html/03292430-82b2-11df-acc7-002185ce6064_26.htm) | ||
| 600 | 1 | 0 |
_aAbes, Emilio _9111673 |
| 655 | 7 |
_aFotografías. _954128 |
|
| 852 | _jFot-651 | ||
| 856 |
_uhttps://archivoybiblioteca.realacademiabellasartessanfernando.com/cgi-bin/koha/opac-retrieve-file.pl?id=2c0be36ea1033729ed71f3bc5b1e7ea7 _yFot-651 |
||
| 942 |
_cFOTOGRAFÍA _n0 |
||
| 999 |
_c85809 _d85809 |
||